000 01036 a2200313 4500
999 _c200128891
_d31751
001 200128891
003 TR-AnTOB
005 20200608154706.0
008 130520s1997 tu 000 0
040 _aTR-AnTOB
_cTR-AnTOB
041 _atur
050 0 _aBP189.7.M4
_bE75 1997
090 _aBP189.7.M4 E75 1997
100 1 _aErke, A. Ülker
_9114756
245 1 0 _aMinyatürlerle Mevlana ve Mevlevilik /
_cA. Ülker Erke ; metin Nezih Uzel.
264 1 _aAnkara :
_bKültür Bakanlığı,
_c1997.
300 _a88 p :
_bill., ;
_c33 cm.
336 _2rdacontent
_atext
_btxt
337 _2rdamedia
_aunmediated
_bn
338 _2rdacarrier
_avolume
_bnc
490 0 _aKültür Bakanlığı yayınları ;
_v1976
_aSanat Kitapları ;
_v147
500 _aOsmanlı Devleti'nin kuruluşunun 700. yıl dönümü 1299-1999.
650 0 _940727
_aMevleviyeh
650 0 _aMevlevilik
_vBiyografi
_912600
650 0 _aMiniature painting, Turkish
_964359
700 1 _aUzel, Nezih
_955552
942 _cBK
_2lcc